Zmeny zákona o dani z pridanej hodnoty účinné od 1. apríla 2009

Na zmiernenie dosahov hospodárskej krízy a zlepšenie podnikateľského prostredia v daňovej oblasti prijala Národná rada SR dňa 17. februára 2009 zákon č. 83/2009 Z.z., ktorým sa s účinnosťou od 1. apríla 2009 mení a dopĺňa zákon č. 222/2004 Z.z. o dani z pridanej hodnoty v znení neskorších predpisov.

Salvato in:
Dettagli Bibliografici
Autore principale: Jablonková, Zdenka
Natura: Capitolo di libro
Lingua:slovacco
Soggetti:
Tags: Aggiungi Tag
Nessun Tag, puoi essere il primo ad aggiungerne!!

MARC

LEADER 00000naa$a2200000$$$4500
001 0095031
005 20231114100631.5
041 0 |a slo 
044 |a SK 
245 1 0 |a Zmeny zákona o dani z pridanej hodnoty účinné od 1. apríla 2009  |c Zdenka Jablonková 
520 |a Na zmiernenie dosahov hospodárskej krízy a zlepšenie podnikateľského prostredia v daňovej oblasti prijala Národná rada SR dňa 17. februára 2009 zákon č. 83/2009 Z.z., ktorým sa s účinnosťou od 1. apríla 2009 mení a dopĺňa zákon č. 222/2004 Z.z. o dani z pridanej hodnoty v znení neskorších predpisov. 
610 2 0 |a dane z hodnoty pridanej 
610 2 0 |a zákony 
610 2 0 |a novelizácia 
610 2 0 |a Slovensko 
610 2 0 |a 2009 
100 1 |a Jablonková, Zdenka